Busiest One Word Underground Stations Quiz Stats

 Plays Quiz not verified by Sporcle

Score 0/20 Timer 05:00
0 Plays Today
Overall Rank Station % Correct
1Waterloo
97.4%
4Victoria
94.5%
8Bank & Monument*
94.2%
10Paddington
88.9%
13Euston
88.7%
7Stratford
78.6%
16Holborn
78.2%
31Embankment
76.8%
25Westminster
76.5%
27Farringdon
72.2%
Overall Rank Station % Correct
24Moorgate
71.9%
21Hammersmith (District/Piccadilly line)
66.6%
22Vauxhall
64.7%
18Brixton
63.3%
36Angel
63.3%
53Wimbledon
53.5%
34Knightsbridge
52.5%
50Barking
46.5%
40Southwark
45.6%
59Leyton
37.2%

You're not logged in!

Compare scores with friends on all Sporcle quizzes.
OR
Log In

Sporcle TV

Today on Sporcle TV


Watch our educational content, quiz creation guides, and fun videos on Sporcle TV.

Show Comments

Extras

Top Quizzes Today


Score Distribution

Your Account Isn't Verified!

In order to create a playlist on Sporcle, you need to verify the email address you used during registration. Go to your Sporcle Settings to finish the process.

Report this User

Report this user for behavior that violates our Community Guidelines.

Details: